Study on effect of pig artificial insemination in bvb investment corp company at kampong thom province, (ការសិក្សាពីប្រសិទ្ធភាពនៃការបង្កាត់ពូជដោយសិប្បនិម្មិតជ្រូកពូជ នៅក្រុមហ៊ុន​Bvb investment corp ខេត្តកំពង់ធំ) (Record no. 2689)

000 -LEADER
fixed length control field 00736nam a22001337a 4500
040 ## - CATALOGING SOURCE
Transcribing agency RUA
082 ## - DEWEY DECIMAL CLASSIFICATION NUMBER
Classification number AVM HEN 2013 B107 Or.1
100 ## - MAIN ENTRY--AUTHOR NAME
Personal name HENG CHANTHOU
245 ## - TITLE STATEMENT
Title Study on effect of pig artificial insemination in bvb investment corp company at kampong thom province, (ការសិក្សាពីប្រសិទ្ធភាពនៃការបង្កាត់ពូជដោយសិប្បនិម្មិតជ្រូកពូជ នៅក្រុមហ៊ុន​Bvb investment corp ខេត្តកំពង់ធំ)
260 ## - PUBLICATION, DISTRIBUTION, ETC. (IMPRINT)
Place of publication Phnom Penh
Name of publisher Rua
Year of publication 2013
300 ## - PHYSICAL DESCRIPTION
Number of Pages xv; 57p.
Other physical details ill.
Dimensions 29cm.
856 ## - ELECTRONIC LOCATION AND ACCESS
Uniform Resource Identifier https://drive.google.com/file/d/1rQRbUaZLsx0LxrjKduviMEWb72cJbcns/view?usp=sharing
942 ## - ADDED ENTRY ELEMENTS (KOHA)
Koha item type AVM
952 ## - LOCATION AND ITEM INFORMATION (KOHA)
Withdrawn status [LOCAL, KOHA] 0
952 ## - LOCATION AND ITEM INFORMATION (KOHA)
Withdrawn status [LOCAL, KOHA] 0
952 ## - LOCATION AND ITEM INFORMATION (KOHA)
Withdrawn status [LOCAL, KOHA] 0
952 ## - LOCATION AND ITEM INFORMATION (KOHA)
Withdrawn status [LOCAL, KOHA] 0
952 ## - LOCATION AND ITEM INFORMATION (KOHA)
Withdrawn status [LOCAL, KOHA] 0
952 ## - LOCATION AND ITEM INFORMATION (KOHA)
Withdrawn status [LOCAL, KOHA] 0
952 ## - LOCATION AND ITEM INFORMATION (KOHA)
Withdrawn status [LOCAL, KOHA] 0
952 ## - LOCATION AND ITEM INFORMATION (KOHA)
Withdrawn status [LOCAL, KOHA] 0
Holdings
Permanent Location Date acquired Koha item type Lost status Shelving location Barcode Current Location Full call number
Library Block B2015-10-25AVM B107RUA015591Library Block BAVM HEN 2013 B107 Or.1
Library Block B2015-10-25AVM B107RUA015375Library Block BAVM HEN 2013 B107 Or.2
Library Block B2015-10-25AVM B107RUA008919Library Block BAVM HEN 2013 B107 Or.3
Library Block B2015-10-25AVM B107RUA008864Library Block BAVM HEN 2013 B107 Or.4
Library Block B2015-10-25AVM B107RUA008847Library Block BAVM HEN 2013 B107 Or.5
Library Block B2015-10-25AVM B107RUA008391Library Block BAVM HEN 2013 B107 Or.6
Library Block B2015-10-25AVM B107RUA008467Library Block BAVM HEN 2013 B107 Or.7
Library Block B2015-10-25AVM B107RUA008774Library Block BAVM HEN 2013 B107 Or.8
មជ្ឈមណ្ឌលឯការនៃសាកលវិទ្យាល័យភូមិន្ទកសិកម្មចំការដូង

Powered by Koha